Food Quality and Safety From a Consumer Perspective
Bezpečnosť potravín z pohľadu spotrebiteľov (rizikové faktory, úroveň informovanosti a ich názory) - výsledky dotazníkového prieskumu medzi spotrebiteľmi na Slovensku.
Enregistré dans:
| Auteur principal: | |
|---|---|
| Autres auteurs: | |
| Format: | Chapitre de livre |
| Langue: | anglais |
| Sujets: | |
| Tags: |
Pas de tags, Soyez le premier à ajouter un tag!
|
MARC
| LEADER | 00000nla$a2200000$$$4500 | ||
|---|---|---|---|
| 001 | 0242806 | ||
| 005 | 20240502083650.9 | ||
| 041 | 0 | |a eng | |
| 044 | |a ID | ||
| 245 | 1 | 0 | |a Food Quality and Safety From a Consumer Perspective |c Marta Karkalíková, Alica Lacková |
| 520 | |a Bezpečnosť potravín z pohľadu spotrebiteľov (rizikové faktory, úroveň informovanosti a ich názory) - výsledky dotazníkového prieskumu medzi spotrebiteľmi na Slovensku. | ||
| 610 | 2 | 0 | |a spotrebitelia |
| 610 | 2 | 0 | |a postoje |
| 610 | 2 | 0 | |a ochrana spotrebiteľa |
| 610 | 2 | 0 | |a ochrana zdravia |
| 610 | 2 | 0 | |a potraviny |
| 610 | 2 | 0 | |a kvalita potravín |
| 610 | 2 | 0 | |a bezpečnosť potravinová |
| 610 | 2 | 0 | |a informácie |
| 610 | 2 | 0 | |a Slovensko |
| 610 | 2 | 0 | |a dotazníky |
| 100 | 1 | |a Karkalíková, Marta | |
| 700 | 1 | |a Lacková, Alica | |